Statistics for When Emma Falls in Love (TV) - Taylor Swift (All Lyrics)

Click here to take the quiz!

General Stats

  • This quiz has been taken 24 times
    (11 since last reset)
  • The average score is 355 of 382

Answer Stats

Lyrics% Correct
a
100%
And
100%
and
100%
be
100%
boy
100%
can't
100%
could
100%
Emma
100%
falls
100%
go
100%
good
100%
he
100%
her
100%
his
100%
I
100%
if
100%
If
100%
in
100%
it
100%
it's
100%
Like
100%
like
100%
love
100%
love,
100%
man
100%
me
100%
of
100%
on
100%
She
100%
she
100%
so
100%
that
100%
That
100%
the
100%
they
100%
to
100%
when
100%
When
100%
wish
100%
would
100%
you
100%
you,
100%
all
90%
alone
90%
apart,
90%
bad
90%
book
90%
boys
90%
call
90%
'Cause
90%
chance
90%
Cleopatra
90%
did
90%
down
90%
eyes
90%
face
90%
fits
90%
grew
90%
had
90%
hand
90%
heart
90%
I'm
90%
kind
90%
know,
90%
know
90%
LA
90%
learning
90%
met
90%
New
90%
only
90%
out,
90%
out
90%
own
90%
palm
90%
put
90%
right
90%
she's
90%
small
90%
sometimes
90%
stars
90%
tell
90%
this
90%
town
90%
truth,
90%
up
90%
was
90%
way
90%
we
90%
will
90%
with
90%
won't
90%
York
90%
your
90%
about
80%
absolutely
80%
after
80%
bears
80%
between
80%
blinds
80%
calls
80%
change
80%
Closes
80%
disappears
80%
door
80%
for
80%
has
80%
herself
80%
Jokes
80%
just
80%
laugh
80%
leave
80%
locks
80%
lose
80%
mom
80%
never
80%
one
80%
outer
80%
pain
80%
place
80%
same
80%
seein'
80%
she'll
80%
space
80%
takes
80%
these
80%
Turns
80%
ways
80%
whole
80%
world's
80%
wrong
80%
years
80%
always
70%
away
70%
does
70%
floor
70%
gonna
70%
he'll
70%
keeps
70%
knows
70%
Little
70%
Miss
70%
paces
70%
rain
70%
rains
70%
shelter
70%
Sunshine
70%
thinks
70%
time
70%
unless
70%
waits
70%
walk
70%
Yeah,
70%
air
60%
Hangs
60%
Now
60%
Well,
60%

Score Distribution

Percentile by Number Answered

Percent of People with Each Score

Your Score History

You have not taken this quiz since the last reset